[Event "IECC KO email"]
[Site "IECC email"]
[Date "1999.09.19"]
[Round "?"]
[White "Khan, Rell"]
[Black "Boyer, Sam"]
[Result "1-0"]
[WhiteElo "1890"]
[BlackElo "1480"]
[PlyCount "37"]
[EventDate "1999.??.??"]
[EventType "tourn (corr)"]
[EventRounds "6"]
[SourceTitle "Corr 2008"]
[Source "ChessBase"]
[SourceDate "2008.06.24"]
[SourceVersion "1"]
[SourceVersionDate "2008.06.24"]
[SourceQuality "1"]

1. Nf3 d5 2. d4 Nf6 3. g3 Bf5 4. Bg2 Nc6 5. 0-0 Qd7 6. c4 0-0-0 7. cxd5 Nxd5 8. Nbd2 Nf6 9. d5 Nb8 10. Ne5 Qe8 11. Qb3 b6 12. Qa3 a5 13. Qf3 Rxd5 14. Qxf5+ e6 15. Qf4 h5 16. Bxd5 Nxd5 17. Qxf7 Qxf7 18. Nxf7 Rg8 19. Rd1 1-0